000 004780000a22001690004500
041 0 _aENG
082 0 4 _aG 252 V364h
100 1 _aVaughan, C. J.
245 1 0 _aHeroes of faith : Lectures on the eleventh chapter of the epistle to the hebrews / C. J. Vaughan
260 _aLondres, Inglaterra : MacMillan
300 _a310 Pag
001 6206
942 _cBK
999 _c36489
_d36489
336 _atexto
_btxt
_2rdacontent
337 _2rdamedia
_asin mediación
_bn
338 _2rdacarrier
_avolumen
_bnc